000 00279nam a22001217a 4500
008 170530b xxu||||| |||| 00| 0 eng d
041 _aeng
080 _a94
100 _a17
101 _aSHH
245 _aTONY BLAIR AND THE TEST OF HISTORY
_cSTOTHARD.P
942 _2udc
_cBK
999 _c15100
_d15100